<?xml version="1.0" encoding="UTF-8"?>
<record
    xmlns:xsi="http://www.w3.org/2001/XMLSchema-instance"
    xsi:schemaLocation="http://www.loc.gov/MARC21/slim http://www.loc.gov/standards/marcxml/schema/MARC21slim.xsd"
    xmlns="http://www.loc.gov/MARC21/slim">

  <leader>00915njm a2200205 i 4500</leader>
  <controlfield tag="001">C2-0322324</controlfield>
  <controlfield tag="003">PPAK</controlfield>
  <controlfield tag="005">20180729163422.0</controlfield>
  <controlfield tag="008">130513s2006    wau|||| |||||  |    eng d</controlfield>
  <datafield tag="040" ind1=" " ind2=" ">
    <subfield code="a">PPAK</subfield>
    <subfield code="b">eng</subfield>
    <subfield code="c">PPAK</subfield>
    <subfield code="e">rda</subfield>
  </datafield>
  <datafield tag="245" ind1="1" ind2="3">
    <subfield code="a">An introduction to The Grapes of Wrath by John Steinbeck : </subfield>
    <subfield code="b">audio guide</subfield>
  </datafield>
  <datafield tag="264" ind1=" " ind2="1">
    <subfield code="a">[Washington, D.C.] : </subfield>
    <subfield code="b">National Endowment for the Arts , </subfield>
    <subfield code="c">[2006]</subfield>
  </datafield>
  <datafield tag="336" ind1=" " ind2=" ">
    <subfield code="2">rdacontent</subfield>
    <subfield code="a">text</subfield>
  </datafield>
  <datafield tag="337" ind1=" " ind2=" ">
    <subfield code="2">rdamedia</subfield>
    <subfield code="a">unmediated</subfield>
  </datafield>
  <datafield tag="338" ind1=" " ind2=" ">
    <subfield code="2">rdacarrier</subfield>
    <subfield code="a">volume</subfield>
  </datafield>
  <datafield tag="500" ind1=" " ind2=" ">
    <subfield code="a">Audio guide ; Narrated by Dana Gioia ; readings by Ed Harris ; featuring Ray Bradbury, Lawson Fusao Inada, Jay Parini, Richard Rodriguez, Susan Shillinglaw, Kevin Starr, Thom Steinbeck, Susan Straight, and Rich Wartzman. ; The Big Read is</subfield>
  </datafield>
  <datafield tag="650" ind1="1" ind2="0">
    <subfield code="a">Steinbeck, John, 1902-1968. Grapes of wrath. ; Steinbeck, John, 1902-1968  - Criticism and interpretation.</subfield>
  </datafield>
  <datafield tag="700" ind1=" " ind2=" ">
    <subfield code="e">author</subfield>
  </datafield>
  <datafield tag="942" ind1=" " ind2=" ">
    <subfield code="d">dc</subfield>
    <subfield code="c">B</subfield>
  </datafield>
  <datafield tag="999" ind1=" " ind2=" ">
    <subfield code="c">163960</subfield>
    <subfield code="d">163960</subfield>
  </datafield>
</record>
